Statistics for Famous Russians Quiz

Click here to take the quiz!

General Stats

  • This quiz has been taken 15,499 times
  • The average score is 13 of 22

Answer Stats

Clue Russian % Correct
Soviet leader who killed millions
of his own people
Joseph Stalin
94%
First Premier of the USSRV. I. Lenin
93%
Current PresidentVladimir Putin
92%
"Terrible" ruler and first tsarIvan the Terrible
89%
"Great" tsar who built
St. Petersburg
Peter the Great
78%
"War and Peace"Leo Tolstoy
77%
Soviet leader with a
famous birthmark
Mikhail Gorbachev
75%
"Great” female tsarCatherine the Great
74%
"Mad Monk" who was hard to killRasputin
69%
Last tsarNicholas II
68%
First man to orbit EarthYuri Gagarin
65%
Made dogs salivate with a bellIvan Pavlov
60%
"Swan Lake"Pyotr Tchaikovsky
57%
First post-Soviet Russian leaderBoris Yeltsin
56%
"The Brothers Karamazov"Fyodor Dostoevsky
43%
Photogenic winner of 5 tennis
Grand Slam titles
Maria Sharapova
41%
All-time highest rated chess
player (until 2014)
Garry Kasparov
39%
"Lolita"Vladimir Nabokov
38%
Chelsea football ownerRoman Abramovich
36%
Famous male ballet dancer
who defected to France in 1961
Rudolf Nureyev
21%
"The Rite of Spring"Igor Stravinsky
19%
Google cofounderSergey Brin
15%

Score Distribution

Percentile by Number Answered

Percent of People with Each Score

Your Score History

You have not taken this quiz